000 00652nam a22001937a 4500
999 _c164234
_d164234
005 20190514145133.0
010 _aUR-10115
020 _c150.00
_a9789388105002
035 _aU-8670
037 _bDBAD/PUB
082 _a844.08
100 _aو کٹر ہيو گو
245 _aسر گز شت ا سير
_cو کٹر ہيو گو
246 _b‏Sarguzisht-e-Aseer(Urdu)
_aby Victor Hugo
260 _a Delhi
_bEducational Publishing House
_c2018 ء
270 _a3191،Vakil Street,Kucha Pandit,Lal Kuan,
_bDelhi
_e110006
_k23216162
_l00911123211540
300 _a120ص
_c22 Cm.(bk)
942 _2ddc
_cUR
_h844.08
_mم ن ٹ